| 000 | 00926nam a2200253 a 4500 | ||
|---|---|---|---|
| 001 | BRCA_6285 | ||
| 005 | 20190320205411.0 | ||
| 008 | 030811s19321935enka######---#000-0#eng-# | ||
| 041 | _aeng | ||
| 044 | _aenk | ||
| 050 | 4 |
_aGT510 _b.B64 1935 |
|
| 100 | 1 |
_aBoehn, Max von _d1860-1932 _915763 |
|
| 245 | 1 | 0 |
_aModes and manners _cMax Boehn; ill. with reproductions of contemporary paintings selected by Dr. Oskar Fischell; tr. by Joan Joshua. |
| 260 |
_aLondres _bHarrap _c1932-1935 |
||
| 300 |
_a4 v. _bil. _c22 cm. |
||
| 500 | _aInicio de la publicación: 1932 | ||
| 500 | _aK144 | ||
| 501 | _aContenido: v.1. From the decline of the ancient world to the Renaissance.-- v.2. The sixteenth century.-- v.3. The seventeenth century.-- v.4. The eighteenth century. | ||
| 650 | 1 | 4 |
_aIndumentaria _vHistoria _915764 |
| 650 | 1 | 4 |
_aModa _vHistoria _915765 |
| 700 | 1 |
_aFischel, Oskar _eil. _915766 |
|
| 902 | _aGFM | ||
| 942 |
_2lcc _cB |
||
| 999 |
_c5972 _d5972 |
||